00847nam a2200277Ia 4500008004000000020001800040041000800058082001800066100001900084245008400103260003700187300001400224650001100238650001000249650001100259650001200270650001100282650001300293650001300306650001300319650001700332690001700349906001100366999001900377952017300396210210b2019 xxu||||| |||| 00| 0 eng d a9788131609965 aeng a016.3092 SHUE aSHUKLA (Seema) aEmerging Indian state: socio economic profile of Gujarat: a select bibliography aJaipurbRawat Publicationsc2019 aviiii,454 astate: asocio aselect aprofile aIndian aGujarat: aEmerging aeconomic abibliography aBibliography a074174 c123984d123984 001040708Political ScienceaALbALcGenerald2021-02-17eBiblios Book Point, Surathkal-575014g1595.00l0o016.3092 SHUEp074174r2021-02-17 00:00:00w2021-02-17yBK